Quản trị kinh doanh sản xuất Tài năng của phụ nữ trên doanh trường
Shranjeno v:
| Glavni avtor: | |
|---|---|
| Format: | Knjiga |
| Jezik: | Undetermined |
| Izdano: |
Đồng Nai
Nxb. Đồng Nai
1998
|
| Teme: | |
| Oznake: |
Označite
Brez oznak, prvi označite!
|
| Thư viện lưu trữ: | Trung tâm Học liệu Trường Đại học Cần Thơ |
|---|
| LEADER | 00634nam a2200205Ia 4500 | ||
|---|---|---|---|
| 001 | CTU_32851 | ||
| 008 | 210402s9999 xx 000 0 und d | ||
| 020 | |b 12.000đ | ||
| 082 | |a 338.092 | ||
| 082 | |b S464 | ||
| 100 | |a Phạm Côn Sơn | ||
| 245 | 0 | |a Quản trị kinh doanh sản xuất | |
| 245 | 0 | |b Tài năng của phụ nữ trên doanh trường | |
| 245 | 0 | |c Phạm Côn Sơn, Hoàng Thanh Minh | |
| 260 | |a Đồng Nai | ||
| 260 | |b Nxb. Đồng Nai | ||
| 260 | |c 1998 | ||
| 650 | |a businesswomen,labor economics | ||
| 904 | |i Minh, 990825 | ||
| 980 | |a Trung tâm Học liệu Trường Đại học Cần Thơ | ||